000 01816nam a2200277 a 4500
001 000048907
003 DO-SdBNP
005 20250721105520.0
008 190501s2017 dr r 000 0 spa d
020 _a9789945600773
040 _aDO-SdBNP
_bspa
_cBNPHU
082 _a342.09
_bD542r
100 1 _aDíaz, Julio César
_976346
245 1 3 _aEl régimen municipal sus orígenes y evolución /
_cJulio César Díaz ; prólogo Oquendo Medina.
260 _aSanto Domingo :
_bSantuario,
_c2017.
300 _a292 p. ;
_c23 cm.
500 _aIncluye datos biográficos del autor en las solapas
500 _aInvestigaciones irrefutables acerca de los grupos sociales, eventos e instituciones antiguas: indicios de la creación del municipio.
505 _aEL ORIGEN -- Un comentario 43 -- El municipio y su origen 47 -- El municipio como entidad territorial 65 -- Características del municipio romano y nacimiento del ayuntamiento en América 75 -- LA EVOLUCIÓN -- Breve reseña de la legislación municipal de la República Dominicana 87 -- Competencias municipales 119 -- Destinos y uso de los fondos y otras funciones municipales 133 -- Los distritos municipales y otras prerrogativas del municipio 149 -- ¿Qué es un alcalde municipal? Breves pinceladas 195 -- FUNDAMENTOS Y COMPROMISO -- ¿Son los ayuntamientos totalmente autónomos? Aspectos específicos 203 -- MEDIO AMBIENTE Y RECICLAJE -- Manejo responsable de los residuos 233 -- Cosas que debe hacer un ayuntamiento responsable 277 -- Otorgar becas para estudiar cursos técnicos 279 -- Creación de un Plan Social Municipal 281
590 _aInventariado, 2021 / DG
650 4 _aDerecho municipal
_979077
650 4 0 _aGobierno municipal
_917207
700 1 _aMedina, Oquendo,
_d1955-
_epról.
_914493
910 _aD/G
942 _2ddc
_cLBS1
999 _c48395
_d48395